| 000 | 02209cam a22004814i 4500 | ||
|---|---|---|---|
| 003 | PE-LiUPU | ||
| 005 | 20250731173347.0 | ||
| 008 | 150706s2008 miu rb 000 0 eng d | ||
| 020 | _a9780802824172 | ||
| 035 | _a(Sirsi) i9780802824172 | ||
| 040 |
_aPE-LiUPU _bspa _cPE-LiUPU _erda |
||
| 049 | _aPRUA | ||
| 082 | 0 | 4 |
_a230.003 _bE32 _221 |
| 245 | 0 | 4 |
_aThe encyclopedia of christianity : _bVolume 5 Si-Z / _ceditores, Erwin Fahlbusch . [et al.] ; traductory editor en inglés, Geoffrey W. Bromiley ; editor estatistico, David B. Barrett. |
| 264 | 1 |
_aGrand Rapids, Michigan : _bEerdmans ; Brill, _c2008. |
|
| 300 |
_a866 páginas ; _c27 centímetros |
||
| 336 |
_atext _2rdacontent |
||
| 337 |
_aunmediated _2rdamedia |
||
| 338 |
_avolume _2rdacarrier |
||
| 504 | _aBibliografía al final de cada entrada. | ||
| 505 | 0 | _aAlphabetizatión -- Statistics -- Cross-references -- Bibliographies -- Consulting editors -- Abbreviations -- Biblical Books, with the Apocrypha -- Old Testamento Pseudepigrapha -- Early Church Writings, with Nag Hammadi Tractates -- Dead Sea Scrolls and Related Texts -- Classical Targums and Rabbinic Writings -- Other Ancient, medieval, and Early Modern Writings -- Modern Publications and Editions -- States and Provinces -- General -- Entries Si-Z. | |
| 526 | _aSEG42 | ||
| 526 | _aSEG41 | ||
| 526 | _aSEG40 | ||
| 526 | _aSEG39 | ||
| 526 | _aP94 | ||
| 526 | _aP87 | ||
| 526 | _aP86 | ||
| 526 | _aP85 | ||
| 526 | _aP77 | ||
| 526 | _aP76 | ||
| 526 | _aP35 | ||
| 541 | _g800-253-7521; | ||
| 650 | 0 | 4 |
_aCristianismo _vEnciclopedias. |
| 700 | 1 |
_aBromiley, Geoffrey William, _eeditor. |
|
| 700 | 1 |
_aFahlbusch, Erwin, _eed. |
|
| 910 |
_agl _bjv _clch _d20091230 |
||
| 942 |
_2ddc _cBOOK |
||
| 949 |
_a230.003 E32 5 _wDEWEY _c1 _i60875 _lCCODEBUL1 _mBUL _p100.00 _r0 _sY _tBOOK _u2015-7-6 _xTEOLOGIA _zUNKNOWN _0COMPRA _o.STAFF. Colección Teología |
||
| 994 |
_aC0 _bPEPRU |
||
| 596 | _a1 | ||
| 999 |
_a230.003 E32 5 _wDEWEY _c50234 _i60875 _d50234 _e2018-9-6 _f2021-11-9 _g6 _lCCODEBUL1 _mBUL _n4 _p100.00 _r0 _sY _tBOOK _u2015-7-6 _xTEOLOGIA _PP35 _0COMPRA _o.STAFF. Colección Teología |
||
| 980 |
_81 _gALBERTO SANCHEZ Responsable de Automatización |
||